Welcome to the Holygrace Academy Library

Please use search bar below to get started

CBSE PAST YEARS' QUESTION PAPERS ECONOMICS (Record no. 1695)

MARC details
000 -LEADER
fixed length control field 00389nam a22001337a 4500
082 ## - DEWEY DECIMAL CLASSIFICATION NUMBER
Classification number 330
Item number DAS/E
100 ## - MAIN ENTRY--AUTHOR NAME
Personal name DAS, SHIV
245 ## - TITLE STATEMENT
Title CBSE PAST YEARS' QUESTION PAPERS ECONOMICS
Remainder of title CLASS XII
260 ## - PUBLICATION, DISTRIBUTION, ETC. (IMPRINT)
Place of publication DELHI
Name of publisher SHIV DAS & SONS
Year of publication 2014
300 ## - PHYSICAL DESCRIPTION
Number of Pages 80
520 ## - SUMMARY, ETC.
Summary, etc 6 YEARS CBSE QUESTION PAPERS, INCLUDING LATEST SAMPLE QP NOVEMBER 2013
650 ## - SUBJECT ADDED ENTRY--TOPICAL TERM
Topical Term ECONOMICS REFERENCE
Geographic subdivision INDIA
942 ## - ADDED ENTRY ELEMENTS (KOHA)
Koha item type Books
Holdings
Withdrawn status Lost status Collection code Home library Current library Shelving location Date acquired Source of acquisition Cost, normal purchase price Full call number Accession Number Koha item type
    Reference Main Library Main Library SHELF-5- I - REFERENCE ECONOMICS COMPUTER SCIENCE 06/05/2014 purchase 60.00 330 DAS/E 08806 Books